Регионална библиотека "Любен Каравелов" - Русе

Кени и Зелма (Запис номер 142160)

MARC детайли
000 -Лидер
Контролно поле с фиксирана дължина 01253nam a2200313 c 4500
003 - Код на организацията, давaща контролен номер
Контролно поле BLK
005 - Дата и час на последна редакция
Контролно поле 20210202111205.0
008 - Елементи от данни с фиксирана дължина
fixed length control field 180409b bul|||||r ||||||| ||bul||
010 ## - Наследен системен номер
LC control number KNG00148246000
040 ## - Източник на каталожния запис
Идентификатор на билиотеката - собственик на записа BLK
041 ## - Код за език
Код за езика на текст/звукозапис или на отделно заглавие Български
Код за езика КДБФ Български
080 ## - УДК
Текстов определител УДК Българска литература
УДК код - определител по УДК 821.163.2
УДК определител -93-32
УДК - код + определител 821.163.2-93-32
100 1# - Редна дума - Автор
Автор Попов, Йордан Софрониев
Авторска отговорност първи автор
R(LIN) 365981
139 ## - Редно поле
Редна дума Попов, Йордан Софрониев
Авторски знак Попов - П 76
245 10 - Сведения за заглавието
Заглавие Кени и Зелма
Подзаглавни данни Хуморист. повест за деца
Редно поле (дума) Йордан Софрониев Попов; худож. Игор Будников.
257 ## - Страна на издаване
Страна на създаване/издаване България
260 ## - Област на издателските данни
Име на издателя, разпространителя и проч. Отечество
Година на издаване 1988
Място на издаване, разпространение и проч. София
Печатница ДП Балкан
300 ## - Физическа характеристика
Страници 64 с.
Илюстрации и др. с цв. ил.
Размери/Мащаб 33 см
380 ## - Жанр
Жанр Детска худож. лит.
500 ## - Общи забележки
Забележка Офс. изд. - 30 117 тир.
653 ## - Ключова дума – ненормативна
Ключова дума детска литература
653 ## - Ключова дума – ненормативна
Ключова дума литература за деца
700 1# - Други автори (авторска отговорност)
Лично име Будников, Игор
Автороска отговорност (Описва отношението между автора и произведението) худож.
9 (RLIN) 43679
852 ## - Местоположение
Форматна сигнатура Цб ІІ 18506
856 4# - Електронен адрес и достъп
Електронен формат pdf - файл
856 4# - Електронен адрес и достъп
Електронен формат pdf - файл
999 ## - СИСТЕМНИ КОНТРОЛНИ НОМЕРА
Koha biblionumber 142160
Koha biblioitemnumber 142160
942 ## - АРТИКУЛИ
Вид на библиотечния материал Книги
Скрит в OPAC Не
Koha issues (borrowed), all copies 1
Периодичен библиозапис Да
944 ## - СЪЗДАВАНЕ И РЕДАКЦИЯ на ЗАПИСА
Създаване/Редакция Създаване
Дата на регистрацията/редакция 02.08.2013
Статус, дата на статуса 02.08.2013 - от С1,Р / 02.08.2013
Служител, извършил регистрацията/редакцията Ивелин_Иванов
944 ## - СЪЗДАВАНЕ И РЕДАКЦИЯ на ЗАПИСА
Създаване/Редакция Редакция
Дата на регистрацията/редакция 27.09.2017
Статус, дата на статуса 02.08.2013 - от С1,Р / 02.08.2013
Служител, извършил регистрацията/редакцията Кети_Илиева
999 ## - СИСТЕМНИ КОНТРОЛНИ НОМЕРА
Koha biblioitemnumber 142160
Наличности
Код за отписване Код за изгубен артикул Източник на класификационната схема Код за повреда Коз за рестрикции Код за отдаване Артикулен № Име на библиотеката - собственик Име на библиотеката, в която се намира в момента Статус (Текущо местоположение) Дата на вписване в системата Местоположение - отдел Цена в лева Инвентарен номер Систематично азбучна сигнатура Баркод Номер на екземпляра Цена в евро Служебна бележка Служебен тип на артикула Бележка за публиката
  Не е изгубен Universal Decimal Classification Не е повреден без рестрикции ползва се в читалня 234829 Регионална библиотека "Любен Каравелов" Русе Регионална библиотека "Любен Каравелов" Русе Хранилище 1988-01-01 Хранилище 1.04 496843 Цб ІІ 18506 120000496843 1 0.53 Дост: Dp Вид: Д N: стар фонд Дата: 01.01.1988 Книги  
Изтеглен Не е изгубен Universal Decimal Classification Не е повреден без рестрикции заемане за дома 234830 Регионална библиотека "Любен Каравелов" Русе Регионална библиотека "Любен Каравелов" Русе Детски отдел 1988-01-01 Детски отдел 1.04 497064 ДХ 886.7/П 76 497064 2 0.53 Дост: Pk Вид: Ф N: стар фонд Дата: 01.01.1988 Дата инв: 03.11.2015 Бележки инв: Д2015 Книги  
Изтеглен Не е изгубен Universal Decimal Classification Не е повреден без рестрикции заемане за дома 234831 Регионална библиотека "Любен Каравелов" Русе Регионална библиотека "Любен Каравелов" Русе Детски отдел 1988-01-01 Детски отдел 1.04 497067 ДХ 886.7/П 76 497067 3 0.53 Дост: Pk Вид: Ф N: стар фонд Дата: 01.01.1988 Дата инв: 09.09.2015 Бележки инв: Д2015 Книги  
Изтеглен Не е изгубен   Не е повреден без рестрикции заемане за дома 234832 Регионална библиотека "Любен Каравелов" Русе Регионална библиотека "Любен Каравелов" Русе   1988-01-01 Детски отдел 1.04 497068 ДХ 886.7/П 76 497068 4 0.53 Дост: Pk Вид: Ф N: стар фонд Дата: 01.01.1988 Дата инв: 03.11.2015 Бележки инв: Д2015 Книги Отч.N: 41/2017 , Дата: 08.09.2017
Изтеглен Не е изгубен   Не е повреден без рестрикции заемане за дома 234833 Регионална библиотека "Любен Каравелов" Русе Регионална библиотека "Любен Каравелов" Русе   1988-01-01 Детски отдел 1.04 501755 ДХ 886.7/П 76 501755 5 0.53 Дост: Pk Вид: Ф N: стар фонд Дата: 01.01.1988 Дата инв: 03.11.2015 Бележки инв: Д2015 Книги Отч.N: 41/2017 , Дата: 08.09.2017
Изтеглен Не е изгубен   Не е повреден без рестрикции заемане за дома 234834 Регионална библиотека "Любен Каравелов" Русе Регионална библиотека "Любен Каравелов" Русе   1988-01-01 Детски отдел 1.04 501759 ДХ 886.7/П 76 501759 6 0.53 Дост: Pk Вид: Ф N: стар фонд Дата: 01.01.1988 Дата инв: 02.11.2015 Бележки инв: Д2015 Книги Отч.N: 40/2017 , Дата: 07.09.2017
Vip Innovations Ltd, Rousse, Bulgaria 2025